Регионална библиотека "Любен Каравелов" - Русе

Въведение в общата теория на статистиката (Запис номер 153014)

MARC детайли
000 -Лидер
Контролно поле с фиксирана дължина nam a22 a 4500
003 - Код на организацията, давaща контролен номер
Контролно поле BLK
005 - Дата и час на последна редакция
Контролно поле 20221205141510.0
008 - Елементи от данни с фиксирана дължина
fixed length control field 180410b bul|||||r ||||||| ||bul||
010 ## - Наследен системен номер
LC control number KNG00159533000
040 ## - Източник на каталожния запис
Идентификатор на билиотеката - собственик на записа BLK
041 ## - Код за език
Код за езика на текст/звукозапис или на отделно заглавие Български
Код за езика КДБФ Български
080 ## - УДК
Текстов определител УДК Статистиката като наука. Теория на статистиката
УДК код - определител по УДК 311
УДК определител (8)
УДК - код + определител 311(8)
100 1# - Редна дума - Автор
Автор Цветков, Стоян Петров
Авторска отговорност първи автор
R(LIN) 365878
139 ## - Редно поле
Редна дума Цветков, Стоян Петров
Авторски знак Цветк - Ц 34
245 10 - Сведения за заглавието
Заглавие Въведение в общата теория на статистиката
Подзаглавни данни Ръководство за самоподготовка : За студентите от ВИИ К. Маркс - София
Редно поле (дума) Стоян Цветков.
257 ## - Страна на издаване
Страна на създаване/издаване България
260 ## - Област на издателските данни
Място на издаване, разпространение и проч. София
Име на издателя, разпространителя и проч. ВИИ Карл Маркс
Година на издаване 1980
300 ## - Физическа характеристика
Страници 225 с.
Илюстрации и др. с табл.
Размери/Мащаб 22 см
380 ## - Жанр
Жанр Обществени науки
500 ## - Общи забележки
Забележка Офс. изд. - 250 тир.
650 #4 - Допълнително описание по предмет – тема
Основно описание – тема или топоним Статистика - теория - учебници за ВУЗ
9 (RLIN) 244929
653 ## - Ключова дума – ненормативна
Ключова дума статистика
852 ## - Местоположение
Форматна сигнатура Цб 104776
856 4# - Електронен адрес и достъп
Електронен формат pdf - файл
Инструкция (цена за достъп) 0.00
Права за достъп disable
856 4# - Електронен адрес и достъп
Електронен формат pdf - файл
Инструкция (цена за достъп) 0.00
Права за достъп disable
999 ## - СИСТЕМНИ КОНТРОЛНИ НОМЕРА
Koha biblionumber 153014
Koha biblioitemnumber 153014
942 ## - АРТИКУЛИ
Вид на библиотечния материал Книги
Скрит в OPAC Не
Периодичен библиозапис Да
944 ## - СЪЗДАВАНЕ И РЕДАКЦИЯ на ЗАПИСА
Създаване/Редакция Създаване
Дата на регистрацията/редакция 09.04.2014
Статус, дата на статуса 09.04.2014 - от С1,Р / 09.04.2014
Служител, извършил регистрацията/редакцията Павлина_Енева
944 ## - СЪЗДАВАНЕ И РЕДАКЦИЯ на ЗАПИСА
Създаване/Редакция Редакция
Дата на регистрацията/редакция 09.04.2014
Статус, дата на статуса 09.04.2014 - от С1,Р / 09.04.2014
999 ## - СИСТЕМНИ КОНТРОЛНИ НОМЕРА
Koha biblioitemnumber 153014
Наличности
Код за отписване Код за изгубен артикул Източник на класификационната схема Код за повреда Коз за рестрикции Код за отдаване Артикулен № Име на библиотеката - собственик Име на библиотеката, в която се намира в момента Статус (Текущо местоположение) Дата на вписване в системата Местоположение - отдел Цена в лева Инвентарен номер Систематично азбучна сигнатура Баркод Номер на екземпляра Цена в евро Служебна бележка Служебен тип на артикула
  Не е изгубен Universal Decimal Classification Не е повреден само за читалня ползва се в читалня 256109 Регионална библиотека "Любен Каравелов" Русе Регионална библиотека "Любен Каравелов" Русе Хранилище 1980-01-01 Хранилище 1.00 310060 Цб 104776 120000310060 1 0.51 N: стар фонд Дата: 01.01.1980 Книги
Изтеглен Не е изгубен Universal Decimal Classification Не е повреден без рестрикции заемане за дома 256110 Регионална библиотека "Любен Каравелов" Русе Регионална библиотека "Любен Каравелов" Русе Заемна - подръчен фонд 1980-01-01 Заемна - подръчен фонд 1.00 311813 П 311/Ц 34 311813 2 0.51 N: стар фонд Дата: 01.01.1980 Дата инв: 02.02.2018 Бележки инв: П2018 Книги
Vip Innovations Ltd, Rousse, Bulgaria 2025